000 00799cam a22002411 4500
001 gs 14000451
003 DLC
005 20260227111315.0
008 800207s1913 tnua s000 0 eng c
010 _ags 14000451
035 _a(OCoLC)5962526
040 _aU.S. Geological Survey
_cMnNC
_dDLC
050 0 0 _aQE165
_b.A2 no. 10-C
051 _aSD397.P85
_bA7
100 1 _aAshe, W. W.
_q(William Willard),
_d1872-1932.
245 1 0 _aYellow poplar in Tennessee,
_cby W. W. Ashe.
260 _aNashville, Tenn.,
_c1913.
300 _a56 p.
_bill.
_c23 cm.
490 0 _aTennessee. Geological survey, 1909-1923. Bulletin 10-C
500 _aIn cooperation with the Forest service. U.S. Department of agriculture.
650 0 _aLiriodendron tulipifera.
710 1 _aUnited States.
_bForest Service.
999 _c25356
_d25356